Communication counts (Record no. 4347)
[ view plain ]
| 000 -LEADER | |
|---|---|
| fixed length control field | 00652nam a22001697a 4500 |
| 020 ## - INTERNATIONAL STANDARD BOOK NUMBER | |
| ISBN | 9780205564682 |
| 050 ## - CALL NUMBER | |
| Classification number | LB1033 |
| Item number | .W665 |
| 100 ## - AUTHOR | |
| Personal name | David Worley |
| 245 ## - TITLE | |
| Title | Communication counts |
| Remainder of title | getting it right in college and life |
| Statement of responsibility, etc | David Worley; Debra Worley; Laura Soldner |
| 260 ## - PUBLICATION INFORMATION | |
| Place of publication | Boston, MA |
| Name of publisher | Pearson/Allyn & Bacon |
| Year of publication | 2008 |
| 300 ## - DESCRIPTION | |
| Number of Pages | xxiii, 344 pages |
| Other physical details | color illustrations |
| Dimensions | 28 cm |
| 500 ## - NOTES | |
| General note | Includes index |
| 505 ## - FORMATTED CONTENTS NOTE | |
| Table of Content | 1. Essential communication elements<br/>2. Interpersonal communication<br/>3. Public communication<br/>4. Groups, organizations, and mass communication |
| 700 ## - OTHER AUTHORS | |
| Personal name | Debra Worley |
| 710 ## - OTHER AUTHORS | |
| OTHER AUTHORS | Laura Soldner |
| 942 ## - ADDED ENTRY ELEMENTS (KOHA) | |
| Koha item type | Books |
| Withdrawn status | Lost status | Collection code | Home library | Current library | Shelving location | Date acquired | Full call number | Accession Number | Koha item type |
|---|---|---|---|---|---|---|---|---|---|
| Reference | Methodist University Library Main | Methodist University Library Main | General Stacks | 04/02/2013 | LB1033 .W665 | 36937 | Books |